| 000 | 00375 a2200169 4500 | ||
|---|---|---|---|
| 001 | 185252 | ||
| 020 | _a85-7406-036-1 | ||
| 040 | _cMagnum | ||
| 100 | _aMinters, Frances | ||
| 240 | 1 | 0 |
_aA bela desadormecida _lpor |
| 245 | 1 | 0 | _aA bela desadormecida |
| 300 | _a28 | ||
| 362 | 0 | _a2008 | |
| 440 | 1 | _aCompanhia das Letrinhas | |
| 697 | _aLITERATURA INFANTO | ||
| 942 | _cBK | ||
| 999 |
_c185252 _d185252 |
||